Statistics for Formula 1 drivers and their place of birth

Click here to take the quiz!

General Stats

  • This quiz has been taken 109 times
  • The average score is 18 of 21

Answer Stats

HintAnswer% Correct
Lance StrollCanada
100%
Nicolas LatifiCanada
100%
Esteban OconFrance
100%
Pierre GaslyFrance
100%
Sebastian VettelGermany
100%
Yuki TsunodaJapan
100%
Carlos SainzSpain
100%
Fernando AlonsoSpain
100%
Antonio GiovinazziItaly
99%
Sergio PerezMexico
99%
Charles LeclercMonaco
99%
Nikita MazepinRussia
99%
Kimi RaikkonenFinland
96%
Valtteri BottasFinland
96%
Daniel RicciardoAustralia
95%
Robert KubicaPoland
94%
Max VerstappenBelgium
92%
Mick SchumacherSwitzerland
84%
Lando Norris (County not country)Bristol
29%
Lewis Hamilton (County not country)Hertfordshire
18%
George Russell (County not country)Norfolk
18%

Score Distribution

Percentile by Number Answered

Percent of People with Each Score

Your Score History

You have not taken this quiz